000 00773cam a2200217 4500
001 WB3832-12
008 020903n2002 000 0 eng u
035 _a(Sirsi) u119535
245 _aNo way out for landlords
260 _c2002
490 _aEstates Gazette
_v(0235) 31 August 2002, 95(1)
520 _aDiscusses "J Murphy & Sons Ltd v Railtrack plc" (2002), a case in which the CA decided not to intervene in the application of a statutory formula, and refused to disregard lack of access in a lease renewal.
590 _aWB
650 _aJ MURPHY AND SONS LTD V RAILTRACK PLC
650 _aLEASE RENEWALS
650 _aRENT REVIEWS
650 _aBUSINESS TENANCIES
650 _aDEMISED PREMISES
690 _aPROPERTY-LANDLORD AND TENANT
942 _n0
999 _c71064
_d71064